| 000 | 00711nam a22002297a 4500 | ||
|---|---|---|---|
| 999 |
_c13642 _d13642 |
||
| 003 | MIRAKIL | ||
| 005 | 20191203110302.0 | ||
| 008 | 191203b tu ||||| |||| 00| 0 tur d | ||
| 020 | _a9754511020 | ||
| 040 |
_aTR-AnCHP _btur _cTR-AnCHP |
||
| 041 | _atur | ||
| 082 |
_a320.9561 _bT86k 1993 |
||
| 100 | _aTurgut, Mehmet | ||
| 245 |
_aSiyasetten kesitler/ _cMehmet Turgut. |
||
| 260 |
_aİstanbul: _bBoğaziçi Yayınları, _c1993. |
||
| 300 |
_a332 s.: _c19 sm. |
||
| 650 | 0 |
_aDarbeler _9333 _y27 Mayıs 1960 _zTürkiye |
|
| 650 | 0 |
_aDarbeler _9333 _y12 Eylül 1980 _zTürkiye |
|
| 651 |
_aTürkiye _xSiyaset ve yönetim _y1960-1980 _yDenemler |
||
| 651 |
_aTürkiye _xSiyasal yaşam _y1960-1980 |
||
| 942 |
_2ddc _cBKS |
||